000 00645nam a2200241Ia 4500
003 OSt
005 20221005083834.0
006 a|||||r|||| 00| 0
007 ta
008 221004b |||||||| |||| 00| 0 urd d
024 _a107369
037 _cTextual
040 _aCRL
_cCRL
_burd
041 _2urd
_aurd
082 _aO168,1NASx, P7
100 _aKhan Asar Zahid Ali
_9612877
245 0 _aDil-e-sada par
260 _aNew Delhi
_bZahid Ali Khan Asar India
_c2007
300 _a154p.
_ccm.
650 _aURDU LITERATURE
942 _hO168,1NASx, P7
_cTEXL
_2cc
999 _c991664
_d991664